Rahsia mencapai khusuk dalam solat

Bibliographic Details
Main Author: Muhammad Aiman al-Zuhairi
Format: Book
Published: Johor Bahru : Pustaka Azhar , 2008
Subjects:

MARC

LEADER 00000cam a2200000 7i4500
001 0000031846
005 20120418.0
008 120418
020 |a 9833092796 
090 0 0 |a 297.3822   |b MUH 
100 0 |a Muhammad Aiman al-Zuhairi 
245 1 0 |a Rahsia mencapai khusuk dalam solat   |c Muhammad Aiman al-Zuhairi 
260 |a Johor Bahru :   |b Pustaka Azhar ,   |c 2008 
650 0 |a Islam   |x prayers and devotions 
650 0 |a Prayer   |x Islam 
650 0 |a Salat 
999 |a 0001137094   |b Book   |c Adult Collection   |e Perbadanan Perpustakaan Awam Johor 
999 |a 0001137095   |b Book   |c Adult Collection   |e Perbadanan Perpustakaan Awam Johor 
999 |a 0001137096   |b Book   |c Adult Collection   |e Perbadanan Perpustakaan Awam Johor 
999 |a 0001137097   |b Book   |c Adult Collection   |e Perbadanan Perpustakaan Awam Johor 
999 |a 0001137098   |b Book   |c Adult Collection   |e Cawangan Bukit Gambir